Trần Bạch Đằng du ký

Gồm các bài viết ghi chép cảm nhận về các chuyến đi ra các nước trên thế giới của nhà báo Trần Bạch Đằng

Tallennettuna:
Bibliografiset tiedot
Päätekijä: Trần, Bạch Đằng
Aineistotyyppi: Kirja
Kieli:Undetermined
Julkaistu: Thành phố Hồ Chí Minh Trẻ 2008
Aiheet:
Tagit: Lisää tagi
Ei tageja, Lisää ensimmäinen tagi!
Thư viện lưu trữ: Trung tâm Học liệu Trường Đại học Cần Thơ
LEADER 00873nam a2200217Ia 4500
001 CTU_133099
008 210402s9999 xx 000 0 und d
020 |c 47000 
082 |a 895.922803 
082 |b Đ116 
100 |a Trần, Bạch Đằng 
245 0 |a Trần Bạch Đằng du ký 
245 0 |c Trần Bạch Đằng; Quách Thu Nguyệt ...[et al.] tuyển chọn 
260 |a Thành phố Hồ Chí Minh 
260 |b Trẻ 
260 |c 2008 
520 |a Gồm các bài viết ghi chép cảm nhận về các chuyến đi ra các nước trên thế giới của nhà báo Trần Bạch Đằng 
650 |a Short stories, vietnamese,Truyện ngắn, Việt Nam 
650 |y 21 century,Thế kỷ 21 
904 |i Trọng Hải 
980 |a Trung tâm Học liệu Trường Đại học Cần Thơ